000
00329nam a2200133Ia 4500
008
220803s9999 xx 000 0 und d
041
_a
eng
082
_a
720 OLE
100
_a
Oles P S
_9
9932
245
_a
Architecture Illustrations
260
_a
London
_b
B T Batsford
500
_a
Architecture
650
_a
Interior Design
_9
9933
999
_c
8695
_d
8695